000 00898nam a22002897a 4500
003 CHAP
005 20220329135024.0
008 971013s1980 r 00010 d
010 _a29703
011 _a30675
035 _a34787
040 _cCHAP
082 _a621.381958
_bL4 1958
100 0 0 _aLewin, Douglas.
_966495
245 _aTheory and design of digital computer systems
250 _a2 ed.
260 _aSurvey, England :
_bNelson,
_c1980
300 _a472 p.
590 _aBATCH-UPD
_b10
_c20130110
_lUCH01
_h2241
590 _aBATCH-UPD
_b10
_c20130410
_lUCH01
_h1535
590 _aBATCH-UPD
_b10
_c20130914
_lUCH01
_h0816
590 _aCONVERSION
_b10
_c20130109
_lUCH01
_h1317
650 1 4 _aCalculadoras electrónicas digitales
_xDiseño y construcción.
_917347
901 _aBK
942 _cLIBRO
949 _a621.381958 L4 1958
_bBC
_cLIBRO
_d33724000016267
_eLIBRO
_h58852
_i34787
_si
999 _c29703
_d29703